Текст томруулах:    
Intermediate accounting (Бичлэгийн дугаар. 146020)
000 -УДИРДЛАГА
Удирдлага 00760nam a22002537a 4500
003 - ХЯНАЛТЫН ТОО ТОДОРХОЙЛОГЧ
Код MN-UlNUM
005 - БИЧИЛТ ХИЙСЭН ОГНОО
Тухайн бичилтийг бичсэн засварласан сүүлийн огноо 20251225110112.0
008 - ЕРӨНХИЙ МЭДЭЭЛЭЛ
Ерөнхий мэдээлэл 251225s1992 ilua|||| |||| 001 0 eng |
020 ## - ISBN
ISBN 0256107386
084 ## - ББК АНГИЛАЛ
Нэмэлт тусгалт Бусад
ББК ангилал 65.052
Зохиогчийн гурван тэмдэгт I 69
Мэдлэгийн ялгаа 65 - Эдийн засаг
245 00 - ҮНДСЭН ГАРЧИГ
Номын нэр Intermediate accounting
Оролцогчдын тухай мэдээ Thomas R. Dyckman ... [et al.].
250 ## - ДАХИН ХЭВЛЭЛТ
Дахин гаралтын дугаар Rev. ed.
260 ## - ГАРАЛТЫН МЭДЭЭ
Хэвлэгдсэн газар Homewood, IL :
Хэвлэлийн газар Irwin,
Хэвлэгдсэн он 1992.
300 ## - МАТЕРИАЛЫН ТОДОРХОЙЛОЛТ
хуудасны тоо xxxi, 1554 p. :
Бусад тоон мэдээлэл ill. (some col.) ;
Хэмжээ 29 cm.
500 ## - Тайлбар
Дансны дугаар БС 4731
546 ## - ХЭЛНИЙ ТУХАЙ МЭДЭЭ
Хэл Англи хэл дээр,
653 ## - Түлхүүр үг
Түлхүүр үг accounting
700 1# - ХАМ ЗОХИОГЧИД
Ба бус Dyckman, Thomas R.
740 ## - НОМЫН ГАРЧИГ
Гарчиг The Environment of Accounting
740 ## - НОМЫН ГАРЧИГ
Гарчиг The FASB's Conceptual Framework of Accounting
740 ## - НОМЫН ГАРЧИГ
Гарчиг Review: The Accounting Information Processing Systems
942 ## - ЭЛЕМЕНТИЙН ТӨРӨЛ
Зүйлийн төрөл Ном